00688cam a2200217 a 4500020001500000040000800015082002600023100001700049245008000066250001200146260004500158300003300203500007500236650001900311650002900330650001900359650002400378700002300402700002800425700001700453 a1574101145 cDLC00a658 DBT 1999 C147 Or.r aFry, Fred L.10aStrategic planning for new & emerging businesses :ba consulting approach / a2nd ed. aChicago, Ill. :bDearborn Trade,cc1999. axi, 242 p. :bill. ;c24 cm. aRev. ed. of: Strategic planning for the new and small business. c1995. 0aSmall business 0aNew business enterprises 0aSmall business 0aStrategic planning.1 aStoner, Charles R.1 aWeinzimmer, Laurence G.1 aFry, Fred L.